[Event "30. Torneo San Viator 2018"]
[Site "Madrid ESP"]
[Date "2018.05.13"]
[Round "5.11"]
[White "Gil Sierra, Jacinto"]
[Black "Iriarte Diez, Enrique"]
[Result "1-0"]
[WhiteElo "1897"]
[BlackElo "1833"]
[PlyCount "109"]
[EventDate "2018.04.08"]
[EventType "swiss"]
[EventRounds "9"]
[EventCountry "ESP"]
[SourceTitle "Ajedrez en Madrid"]
[Source "lmi"]
[SourceDate "2018.04.08"]

1. e4 c5 2. Nf3 d6 3. d4 cxd4 4. Nxd4 Nf6 5. Nc3 a6 6. h3 e5 7. Nde2 h6 8. g4
Be7 9. Ng3 Be6 10. Bg2 Qc7 11. Be3 b5 12. Qd2 Nc6 13. Nf5 Bf8 14. g5 hxg5 15.
Bxg5 Na5 16. Ne3 Nc4 17. Nxc4 Bxc4 18. Nd5 Bxd5 19. exd5 Rc8 20. O-O-O Nd7 21.
Be4 g6 22. h4 f5 23. Bf3 Bg7 24. h5 e4 25. Be2 Ne5 26. hxg6 Rxh1 27. Rxh1 Nc4
28. Bxc4 Qxc4 29. Kb1 b4 30. Rh7 Kf8 31. Bh6 Qf1+ 32. Qc1 Qxc1+ 33. Kxc1 Bxh6+
34. Rxh6 Kg7 35. Rh7+ Kxg6 36. Rd7 Kg5 37. Rxd6 Kf4 38. Rf6 Rc5 39. d6 Rd5 40.
c4 bxc3 41. bxc3 Kf3 42. c4 Rc5 43. Kb2 Rxc4 44. Rxf5+ Kg2 45. Rd5 Rc8 46. Rd2
Kf3 47. d7 Rd8 48. Kb3 e3 49. fxe3 Kxe3 50. Rd1 Ke4 51. Kb4 Ke5 52. Kc5 Ke6 53.
Kc6 Ke7 54. Re1+ Kf7 55. Kc7 1-0

[Event "30. Torneo San Viator 2018"]
[Site "Madrid ESP"]
[Date "2018.05.13"]
[Round "5.13"]
[White "Rosa Ramirez, Victor D"]
[Black "Montes De Santiago, Fernando"]
[Result "1-0"]
[WhiteElo "1884"]
[BlackElo "1763"]
[PlyCount "33"]
[EventDate "2018.04.08"]
[EventType "swiss"]
[EventRounds "9"]
[EventCountry "ESP"]
[SourceTitle "Ajedrez en Madrid"]
[Source "lmi"]
[SourceDate "2018.04.08"]

1. e4 c5 2. c3 e6 3. d4 cxd4 4. cxd4 Nf6 5. Nc3 a6 6. Nf3 d6 7. Bd3 Be7 8. O-O
O-O 9. Qc2 h6 10. Rd1 b5 11. e5 Ne8 12. Bf4 Bb7 13. Qe2 Nc6 14. Qe4 g6 15. Bxh6
Ng7 16. Qg4 Qd7 17. Ne4 1-0

[Event "30. Torneo San Viator 2018"]
[Site "Madrid ESP"]
[Date "2018.05.13"]
[Round "5.14"]
[White "Padin Lazaro, Jose Manuel"]
[Black "Fernandez Rios, Jose Francisco"]
[Result "1/2-1/2"]
[WhiteElo "1870"]
[BlackElo "1741"]
[PlyCount "67"]
[EventDate "2018.04.08"]
[EventType "swiss"]
[EventRounds "9"]
[EventCountry "ESP"]
[SourceTitle "Ajedrez en Madrid"]
[Source "lmi"]
[SourceDate "2018.04.08"]

1. e4 c5 2. Nf3 g6 3. d4 cxd4 4. Qxd4 Nf6 5. Nc3 Nc6 6. Qa4 d6 7. e5 dxe5 8.
Nxe5 Bd7 9. Nxd7 Qxd7 10. Be3 Bg7 11. Rd1 Qg4 12. Qb5 Qc8 13. Be2 O-O 14. O-O
Qc7 15. Rd2 Rfd8 16. Rfd1 a6 17. Rxd8+ Rxd8 18. Rxd8+ Nxd8 19. Qb6 Qxb6 20.
Bxb6 Nc6 21. Bf3 Nd7 22. Bxc6 bxc6 23. Ba5 Bd4 24. Na4 e5 25. Kf1 f5 26. Ke2
Kf7 27. f3 Ke6 28. Kd3 Nc5+ 29. Nxc5+ Bxc5 30. c4 Bd4 31. b4 Bg1 32. h3 Kd6 33.
Bd8 Bf2 34. a3 1/2-1/2

[Event "30. Torneo San Viator 2018"]
[Site "Madrid ESP"]
[Date "2018.05.13"]
[Round "5.15"]
[White "Sotoca Aguado, Jose"]
[Black "Casares Sanchez, Rodrigo"]
[Result "1-0"]
[WhiteElo "1847"]
[BlackElo "1702"]
[PlyCount "105"]
[EventDate "2018.04.08"]
[EventType "swiss"]
[EventRounds "9"]
[EventCountry "ESP"]
[SourceTitle "Ajedrez en Madrid"]
[Source "lmi"]
[SourceDate "2018.04.08"]

1. d4 Nf6 2. c4 c5 3. d5 b5 4. cxb5 a6 5. b6 Qxb6 6. Nc3 g6 7. g3 Bg7 8. Bg2 d6
9. Nf3 O-O 10. O-O Nbd7 11. h3 Bb7 12. e4 Rab8 13. Re1 c4 14. Na4 Qc7 15. Qc2
Rfc8 16. Be3 Qa5 17. Bd4 e5 18. Bc3 Qd8 19. Nd2 Nh5 20. Bb4 Ndf6 21. Ba3 Qc7
22. Bf1 Nxe4 23. Nxe4 Bf8 24. Rad1 h6 25. Nac3 f5 26. Nd2 Nf6 27. Nxc4 a5 28.
Ne3 Ne4 29. Qd3 Nxc3 30. bxc3 e4 31. Qd2 Bg7 32. c4 Rf8 33. c5 dxc5 34. d6 Qd8
35. Bxc5 f4 36. Nd5 e3 37. fxe3 Qg5 38. exf4 Qxg3+ 39. Qg2 Qxg2+ 40. Bxg2 Kh7
41. Re7 Bxd5 42. Bxd5 Rxf4 43. Bd4 Rxd4 44. Rxd4 Kh8 45. Rd1 Bf8 46. Re6 a4 47.
d7 Bc5+ 48. Kh1 Bb6 49. Re8+ Kg7 50. Rxb8 Bc7 51. Rc8 Ba5 52. Rf1 a3 53. Rf7#
1-0

[Event "30. Torneo San Viator 2018"]
[Site "Madrid ESP"]
[Date "2018.05.13"]
[Round "5.16"]
[White "Manas Molina, Angel"]
[Black "Del Rio Perezagua, Mario"]
[Result "1/2-1/2"]
[WhiteElo "1829"]
[BlackElo "1881"]
[PlyCount "80"]
[EventDate "2018.04.08"]
[EventType "swiss"]
[EventRounds "9"]
[EventCountry "ESP"]
[SourceTitle "Ajedrez en Madrid"]
[Source "lmi"]
[SourceDate "2018.04.08"]

1. e4 d5 2. d4 dxe4 3. Nc3 Nf6 4. Bg5 Nbd7 5. Bc4 c6 6. Nge2 e6 7. Nxe4 Be7 8.
Nxf6+ Bxf6 9. Bxf6 Nxf6 10. O-O O-O 11. Ng3 Qb6 12. Bb3 a5 13. c3 a4 14. Bxa4
Qxb2 15. Qc2 Qxc2 16. Bxc2 Ra3 17. Bb3 b5 18. f3 Nd5 19. Rac1 Ba6 20. Rf2 Ra8
21. Ne4 h6 22. Nc5 Nb6 23. f4 Nc4 24. Bxc4 bxc4 25. Nxa6 R8xa6 26. Rcc2 Kh7 27.
g3 c5 28. dxc5 Rc6 29. Rfd2 Rxc5 30. Rd4 Kg6 31. Kf2 Ra4 32. h3 Rca5 33. Rdd2
h5 34. Kf3 Kf6 35. Ke4 Ke7 36. Rb2 Ra7 37. g4 hxg4 38. hxg4 g6 39. g5 Ra3 40.
Rdc2 Kd6 1/2-1/2

[Event "30. Torneo San Viator 2018"]
[Site "Madrid ESP"]
[Date "2018.05.13"]
[Round "5.17"]
[White "Garcia Galeote, Lorenzo"]
[Black "Alvarez Poves, Jesus"]
[Result "1-0"]
[WhiteElo "1972"]
[BlackElo "1755"]
[PlyCount "54"]
[EventDate "2018.04.08"]
[EventType "swiss"]
[EventRounds "9"]
[EventCountry "ESP"]
[SourceTitle "Ajedrez en Madrid"]
[Source "lmi"]
[SourceDate "2018.04.08"]

1. Nc3 Nf6 2. e4 d6 3. d4 g6 4. f4 Bg7 5. Nf3 O-O 6. Bc4 e6 7. O-O Re8 8. f5
exf5 9. Ng5 Rf8 10. e5 dxe5 11. dxe5 Qxd1 12. Rxd1 Ne8 13. Nxf7 Rxf7 14. Rd8
Kf8 15. Bxf7 Kxf7 16. Rxc8 Bxe5 17. Bg5 Nd6 18. Rxc7+ Kg8 19. Rd1 Nc6 20. Rd7
Nc4 21. Rxb7 f4 22. Ne4 Rf8 23. b3 Ne3 24. Rdd7 Nd4 25. Rd8 Rxd8 26. Bxd8 Nexc2
27. Nf6+ Kf8 1-0

[Event "30. Torneo San Viator 2018"]
[Site "Madrid ESP"]
[Date "2018.05.13"]
[Round "5.18"]
[White "Muñoz Cebey, Ricardo"]
[Black "Barahona Torrijos, Angel"]
[Result "1-0"]
[WhiteElo "1793"]
[BlackElo "1862"]
[PlyCount "88"]
[EventDate "2018.04.08"]
[EventType "swiss"]
[EventRounds "9"]
[EventCountry "ESP"]
[SourceTitle "Ajedrez en Madrid"]
[Source "lmi"]
[SourceDate "2018.04.08"]

1. c4 e5 2. g3 f5 3. Bg2 Nf6 4. e3 Nc6 5. Ne2 e4 6. d3 Bb4+ 7. Nbc3 exd3 8.
Qxd3 Ne5 9. Qxf5 d6 10. Qc2 O-O 11. O-O Be6 12. b3 Qc8 13. Nd4 Bh3 14. Nd5 Nxd5
15. cxd5 Bxg2 16. Kxg2 Qg4 17. f3 Qh5 18. Qe2 Bc3 19. Bb2 Bxb2 20. Qxb2 c5 21.
dxc6 bxc6 22. Qe2 c5 23. Ne6 Rf6 24. Nf4 Qf7 25. Nd3 Ng6 26. Rae1 Rc8 27. e4
Re6 28. Qf2 Re7 29. Rc1 Rec7 30. Rc4 Ne7 31. Nf4 g5 32. Nd3 Nc6 33. Qe3 Qg7 34.
f4 Na5 35. Ra4 c4 36. Rxa5 Qc3 37. Rxg5+ Kh8 38. bxc4 Rxc4 39. Rc1 Qa3 40. Rxc4
Rxc4 41. Qd2 h6 42. Rd5 Rxe4 43. Nf2 Re6 44. Ra5 Qc5 1-0

[Event "30. Torneo San Viator 2018"]
[Site "Madrid ESP"]
[Date "2018.05.13"]
[Round "5.19"]
[White "Uceda Martinez, Jacinto"]
[Black "Martinez Belen, Alejandro"]
[Result "1-0"]
[WhiteElo "1782"]
[BlackElo "1828"]
[PlyCount "97"]
[EventDate "2018.04.08"]
[EventType "swiss"]
[EventRounds "9"]
[EventCountry "ESP"]
[SourceTitle "Ajedrez en Madrid"]
[Source "lmi"]
[SourceDate "2018.04.08"]

1. d4 Nf6 2. Nf3 e6 3. c4 d5 4. Bg5 Nbd7 5. Nc3 c6 6. a3 Bd6 7. e3 O-O 8. Be2
dxc4 9. Bxc4 Qc7 10. O-O b5 11. Be2 Bb7 12. Rc1 a6 13. b4 Rac8 14. e4 Bf4 15.
Bxf4 Qxf4 16. Qc2 Rfe8 17. e5 Nd5 18. Ne4 Rc7 19. g3 Qh6 20. Nd6 Rb8 21. Qe4
N7b6 22. Bd3 g6 23. Qg4 Qg7 24. Ng5 Bc8 25. Nge4 f5 26. exf6 Nxf6 27. Nxf6+
Qxf6 28. Ne8 Qe7 29. Nxc7 Qxc7 30. Qe4 Bd7 31. Qe5 Qc8 32. Be4 Nc4 33. Qc5 Qe8
34. Rfe1 Rc8 35. a4 Nd2 36. Qc2 Nc4 37. Bd3 Nb6 38. a5 Nd5 39. Qc5 Qf7 40. Be4
Rf8 41. f4 Nxf4 42. gxf4 Qxf4 43. Qe5 Qf2+ 44. Kh1 Qb2 45. Rf1 Rxf1+ 46. Rxf1
Qxb4 47. Qb8+ Kg7 48. Qd8 Qxd4 49. Qf8# 1-0

[Event "30. Torneo San Viator 2018"]
[Site "Madrid ESP"]
[Date "2018.05.13"]
[Round "5.20"]
[White "Jimenez Gonzalez, Marcos"]
[Black "Martinez Rubio, Felipe"]
[Result "1-0"]
[WhiteElo "1802"]
[BlackElo "1728"]
[PlyCount "107"]
[EventDate "2018.04.08"]
[EventType "swiss"]
[EventRounds "9"]
[EventCountry "ESP"]
[SourceTitle "Ajedrez en Madrid"]
[Source "lmi"]
[SourceDate "2018.04.08"]

1. d4 Nf6 2. c4 e6 3. g3 c6 4. Bg2 d5 5. Nf3 Be7 6. O-O O-O 7. Nbd2 Re8 8. Qc2
h6 9. e4 dxe4 10. Nxe4 Nxe4 11. Qxe4 Nd7 12. Rd1 Nf6 13. Qc2 c5 14. b3 cxd4 15.
Rxd4 Qa5 16. Bb2 e5 17. Rd2 e4 18. Bc3 Bb4 19. Bxb4 Qxb4 20. Nd4 e3 21. fxe3
Rxe3 22. a3 Qe7 23. Rf1 Rb8 24. Re2 Rxe2 25. Qxe2 Qxa3 26. Qe5 Ra8 27. Nb5 Qf8
28. Nc7 Ng4 29. Qf4 g5 30. Qd4 Rb8 31. Bd5 Qg7 32. Bxf7+ Kh8 33. Qd8+ Kh7 34.
Qd3+ Kh8 35. Qd8+ Kh7 36. Bh5 Nf6 37. Qd3+ Kh8 38. Qd8+ Ng8 39. Bf7 Bh3 40.
Qxb8 Bxf1 41. Qxg8+ Qxg8 42. Bxg8 Bd3 43. Bd5 b6 44. Kf2 Kg7 45. Ke3 Bb1 46.
Kd4 Kf6 47. Nb5 a6 48. Nc3 Bc2 49. b4 h5 50. Be4 Bb3 51. Nd5+ Ke6 52. Nxb6 Kd6
53. Nd5 Ba4 54. c5+ 1-0

[Event "30. Torneo San Viator 2018"]
[Site "Madrid ESP"]
[Date "2018.05.13"]
[Round "5.21"]
[White "Torres Samper, Rafael"]
[Black "Herranz Suarez, David"]
[Result "1-0"]
[WhiteElo "1920"]
[BlackElo "1472"]
[PlyCount "115"]
[EventDate "2018.04.08"]
[EventType "swiss"]
[EventRounds "9"]
[EventCountry "ESP"]
[SourceTitle "Ajedrez en Madrid"]
[Source "lmi"]
[SourceDate "2018.04.08"]

1. e4 c5 2. Nf3 Nc6 3. d4 cxd4 4. Nxd4 Nf6 5. Nc3 e5 6. Ndb5 d6 7. Bg5 a6 8.
Na3 Be6 9. Nd5 Bxd5 10. exd5 Qa5+ 11. c3 Qxd5 12. Qxd5 Nxd5 13. O-O-O Nc7 14.
Nc4 f6 15. Be3 O-O-O 16. Bb6 Rd7 17. Bc5 Kb8 18. Bxd6 Bxd6 19. Rxd6 Rhd8 20.
Rxd7 Rxd7 21. Be2 Nd5 22. Rd1 Kc7 23. a4 Nf4 24. Rxd7+ Kxd7 25. Bf1 f5 26. b4
e4 27. Kd2 Kc7 28. g3 Nd5 29. Ne3 Nxe3 30. Kxe3 g6 31. h4 h6 32. f3 exf3 33.
Kxf3 g5 34. Ke3 Kd6 35. Bg2 b6 36. Bxc6 Kxc6 37. Kd4 Kd6 38. c4 a5 39. bxa5
bxa5 40. h5 g4 41. c5+ Ke6 42. c6 Kd6 43. c7 Kxc7 44. Ke5 Kd7 45. Kxf5 Ke7 46.
Kxg4 Kf6 47. Kf4 Ke6 48. Ke4 Kf6 49. Kd5 Kg5 50. Kc5 Kxh5 51. Kb5 Kg4 52. Kxa5
Kxg3 53. Kb6 h5 54. a5 h4 55. a6 h3 56. a7 h2 57. a8=Q Kf2 58. Qh1 1-0

[Event "30. Torneo San Viator 2018"]
[Site "Madrid ESP"]
[Date "2018.05.13"]
[Round "5.23"]
[White "Tenorio Garcia, Joel"]
[Black "Mihalcea, George Andrei"]
[Result "0-1"]
[WhiteElo "1593"]
[BlackElo "1791"]
[PlyCount "82"]
[EventDate "2018.04.08"]
[EventType "swiss"]
[EventRounds "9"]
[EventCountry "ESP"]
[SourceTitle "Ajedrez en Madrid"]
[Source "lmi"]
[SourceDate "2018.04.08"]

1. e4 e6 2. d4 d5 3. exd5 exd5 4. c4 Nf6 5. Nc3 c6 6. Nf3 Be7 7. Bd3 dxc4 8.
Bxc4 Nbd7 9. Qb3 O-O 10. Ne5 Nxe5 11. dxe5 Ng4 12. e6 fxe6 13. Bxe6+ Kh8 14.
Bxg4 Bxg4 15. O-O Qc7 16. Ne4 Qe5 17. Re1 Be6 18. Qc3 Qf5 19. Qe3 Bd5 20. Ng3
Qf7 21. f3 Rae8 22. Qf2 Bxa2 23. Bd2 Bf6 24. Bb4 Rxe1+ 25. Rxe1 Rd8 26. Nf5 Qc7
27. Be7 Bxe7 28. Nxe7 Qb6 29. Qxb6 axb6 30. Nf5 g6 31. Ng3 Kg8 32. Ne4 Bd5 33.
Nc3 Kf7 34. Kf2 b5 35. Ne4 Bxe4 36. Rxe4 Rd2+ 37. Re2 Rxe2+ 38. Kxe2 Ke6 39. g4
g5 40. Ke3 Ke5 41. h3 c5 0-1

[Event "30. Torneo San Viator 2018"]
[Site "Madrid ESP"]
[Date "2018.05.13"]
[Round "5.24"]
[White "Conchillo Roman, Jose Ignacio"]
[Black "Morales Martin, Javier"]
[Result "0-1"]
[WhiteElo "1553"]
[BlackElo "1747"]
[PlyCount "72"]
[EventDate "2018.04.08"]
[EventType "swiss"]
[EventRounds "9"]
[EventCountry "ESP"]
[SourceTitle "Ajedrez en Madrid"]
[Source "lmi"]
[SourceDate "2018.04.08"]

1. e4 c5 2. c3 d5 3. exd5 Qxd5 4. d4 cxd4 5. Qxd4 Qxd4 6. cxd4 Nc6 7. Bb5 Bd7
8. Be3 Nf6 9. Nc3 e6 10. Nge2 Bd6 11. O-O O-O 12. Rfd1 Rfd8 13. Rac1 a6 14. Bd3
Bc7 15. h3 h6 16. Bb1 Be8 17. Rd2 Rac8 18. Rcd1 Ne7 19. Nf4 Ba5 20. Rd3 b5 21.
a3 b4 22. axb4 Bxb4 23. Ba2 g5 24. Nxe6 fxe6 25. Bxe6+ Bf7 26. Bxc8 Rxc8 27. d5
Bxc3 28. d6 Bb4 29. dxe7 Bxe7 30. Ra1 Rc6 31. Rc3 Rxc3 32. bxc3 Bc4 33. f3 Nd5
34. Bd4 Bf6 35. Re1 Kf7 36. Bxf6 Kxf6 0-1

[Event "30. Torneo San Viator 2018"]
[Site "Madrid ESP"]
[Date "2018.05.13"]
[Round "5.25"]
[White "Sanchez Gomez, Emiliano"]
[Black "Rojo Jorge, Luis"]
[Result "1/2-1/2"]
[WhiteElo "1742"]
[BlackElo "1654"]
[PlyCount "45"]
[EventDate "2018.04.08"]
[EventType "swiss"]
[EventRounds "9"]
[EventCountry "ESP"]
[SourceTitle "Ajedrez en Madrid"]
[Source "lmi"]
[SourceDate "2018.04.08"]

1. e4 e5 2. Nf3 Nc6 3. Bb5 Bc5 4. c3 Nf6 5. d4 exd4 6. e5 Nd5 7. O-O O-O 8.
cxd4 Bb6 9. Bc4 Nde7 10. d5 Nb8 11. Nc3 d6 12. Bf4 Bg4 13. exd6 cxd6 14. Be2
Ng6 15. Bg3 a6 16. h3 Bxf3 17. Bxf3 Ne5 18. Be2 Nbd7 19. Kh1 Nf6 20. Bh4 Ng6
21. Bg3 Ne5 22. Bh4 Ng6 23. Bg3 1/2-1/2

[Event "30. Torneo San Viator 2018"]
[Site "Madrid ESP"]
[Date "2018.05.13"]
[Round "5.26"]
[White "Tudela Garcia, Antonio"]
[Black "Alvarez Cerbero, Julio Enrique"]
[Result "1-0"]
[WhiteElo "1562"]
[BlackElo "1501"]
[PlyCount "45"]
[EventDate "2018.04.08"]
[EventType "swiss"]
[EventRounds "9"]
[EventCountry "ESP"]
[SourceTitle "Ajedrez en Madrid"]
[Source "lmi"]
[SourceDate "2018.04.08"]

1. e4 g6 2. Bc4 Bg7 3. Qf3 e6 4. Ne2 a6 5. d3 b5 6. Bb3 Bb7 7. c3 Nc6 8. d4
Nge7 9. Nd2 O-O 10. Qg3 d5 11. Bc2 Rc8 12. e5 Na5 13. b4 Nc4 14. a4 h6 15. Qh3
h5 16. Nf3 Qe8 17. g4 hxg4 18. Qxg4 Nf5 19. h4 Bh6 20. Bxh6 Nxh6 21. Qg5 Nf5
22. Bxf5 exf5 23. Qh6 1-0

[Event "30. Torneo San Viator 2018"]
[Site "Madrid ESP"]
[Date "2018.05.20"]
[Round "6.1"]
[White "Rodriguez Melendez, Juan Humbert"]
[Black "Ortega Ruiz, Jose Miguel"]
[Result "0-1"]
[WhiteElo "2174"]
[BlackElo "2303"]
[PlyCount "98"]
[EventDate "2018.04.08"]
[EventType "swiss"]
[EventRounds "9"]
[EventCountry "ESP"]
[SourceTitle "Ajedrez en Madrid"]
[Source "lmi"]
[SourceDate "2018.04.08"]

1. e4 e5 2. Nf3 Nc6 3. Bb5 a6 4. Ba4 Nf6 5. O-O b5 6. Bb3 Be7 7. d3 d6 8. c3
O-O 9. Re1 Na5 10. Bc2 c5 11. Nbd2 Be6 12. Nf1 Nc6 13. Ng3 h6 14. h3 Re8 15. a4
Qc7 16. Qe2 Bf8 17. Nh4 g6 18. Qf3 Nh7 19. Nf1 Bg7 20. Ne3 Ng5 21. Qg3 Qe7 22.
Nhf5 Qf8 23. Nxg7 Qxg7 24. Rf1 b4 25. a5 Ne7 26. Nc4 Bxc4 27. dxc4 Ne6 28. Ba4
Red8 29. Rd1 Rab8 30. Rd3 bxc3 31. bxc3 f5 32. exf5 gxf5 33. Bxh6 Qxg3 34.
Rxg3+ Kf7 35. Rd3 f4 36. h4 Nf5 37. Bg5 Rdc8 38. Bd1 Rb2 39. Bh5+ Kg7 40. g4
fxg3 41. fxg3 e4 42. Rd5 Nxg3 43. Bg4 Re8 44. Be3 Ne2+ 45. Kh1 Ng3+ 46. Kg1
Ne2+ 47. Kh1 N6f4 48. Rxd6 Rh8 49. h5 Rxh5+ 0-1

[Event "30. Torneo San Viator 2018"]
[Site "Madrid ESP"]
[Date "2018.05.20"]
[Round "6.2"]
[White "Renteria, Jorge"]
[Black "Perdomo Araujo, Angel Eduardo"]
[Result "1-0"]
[WhiteElo "2276"]
[BlackElo "2084"]
[PlyCount "79"]
[EventDate "2018.04.08"]
[EventType "swiss"]
[EventRounds "9"]
[EventCountry "ESP"]
[SourceTitle "Ajedrez en Madrid"]
[Source "lmi"]
[SourceDate "2018.04.08"]

1. d4 Nf6 2. c4 g6 3. Nc3 d5 4. cxd5 Nxd5 5. e4 Nxc3 6. bxc3 Bg7 7. Bg5 c5 8.
Rc1 O-O 9. Nf3 Nc6 10. d5 Ne5 11. Nxe5 Bxe5 12. h4 Qd6 13. Qd2 c4 14. f4 Bg7
15. h5 h6 16. Bh4 Bg4 17. Be2 Bxe2 18. Kxe2 Qd7 19. Kf2 b5 20. Rh3 a5 21. Rg3
Ra6 22. e5 g5 23. fxg5 Bxe5 24. Rf3 Qg4 25. Bg3 Bg7 26. d6 exd6 27. gxh6 Be5
28. Rh1 Kh8 29. Rh3 Qe6 30. Bf4 Rg8 31. Rhg3 Raa8 32. Bxe5+ dxe5 33. Rg7 f5 34.
Rfg3 f4 35. R3g6 Qf5 36. Qd5 Rad8 37. Rd6 Rde8 38. Rdd7 Re6 39. Rh7+ Qxh7 40.
Rxh7+ 1-0

[Event "30. Torneo San Viator 2018"]
[Site "Madrid ESP"]
[Date "2018.05.20"]
[Round "6.3"]
[White "Martinez Fernandez, Raul"]
[Black "Vaquerizo Calvo, Miguel Arturo"]
[Result "1/2-1/2"]
[WhiteElo "2176"]
[BlackElo "2035"]
[PlyCount "133"]
[EventDate "2018.04.08"]
[EventType "swiss"]
[EventRounds "9"]
[EventCountry "ESP"]
[SourceTitle "Ajedrez en Madrid"]
[Source "lmi"]
[SourceDate "2018.04.08"]

1. e4 c5 2. Nf3 Nc6 3. Bb5 Nf6 4. e5 Nd5 5. O-O Nc7 6. Bxc6 dxc6 7. d3 Bg4 8.
h3 Bh5 9. Nbd2 e6 10. Ne4 Be7 11. Be3 b6 12. Ng3 Bg6 13. Qe2 Nb5 14. Rad1 Nd4
15. Nxd4 cxd4 16. Bc1 O-O 17. f4 Qd7 18. Qg4 Rfd8 19. h4 Bf5 20. Nxf5 exf5 21.
Qh3 c5 22. h5 Rac8 23. b3 b5 24. Bb2 Qc6 25. Kh2 g6 26. Rg1 gxh5 27. Qxh5 Qg6
28. Qh3 h5 29. Rgf1 Qg4 30. Rf3 Bh4 31. Rh1 Rc6 32. Kg1 Rg6 33. Rh2 Bg3 34.
Rxg3 Qxg3 35. Qxg3 Rxg3 36. Rxh5 Kf8 37. Kf2 Rg4 38. Rxf5 Ke7 39. g3 Rdg8 40.
e6 fxe6 41. Rxc5 Rxg3 42. Bxd4 Rg2+ 43. Kf1 Kd7 44. Bf2 a6 45. f5 exf5 46. Rxf5
R2g6 47. Ke1 Re8+ 48. Kd1 Rg2 49. Bd4 Ree2 50. Rc5 Re6 51. Kc1 Rc6 52. Kb2 Rxc5
53. Bxc5 Kc6 54. b4 Kd5 55. Kb3 Rg3 56. Bb6 Rh3 57. a4 Rg3 58. axb5 axb5 59.
Bd8 Rh3 60. Kc3 Rh2 61. Bc7 Rf2 62. Kb2 Rf7 63. Bb6 Rf6 64. Bc5 Rf3 65. Kc1 Rh3
66. Kd2 Rh2+ 67. Kc3 1/2-1/2

[Event "30. Torneo San Viator 2018"]
[Site "Madrid ESP"]
[Date "2018.05.20"]
[Round "6.4"]
[White "Unciti Juan, Javier"]
[Black "Longa Yauca, Javier"]
[Result "1/2-1/2"]
[WhiteElo "1970"]
[BlackElo "2250"]
[PlyCount "165"]
[EventDate "2018.04.08"]
[EventType "swiss"]
[EventRounds "9"]
[EventCountry "ESP"]
[SourceTitle "Ajedrez en Madrid"]
[Source "lmi"]
[SourceDate "2018.04.08"]

1. e4 Nf6 2. e5 Nd5 3. Nc3 e6 4. d4 Nxc3 5. bxc3 Nc6 6. f4 d5 7. Nf3 Na5 8. Bd3
Bd7 9. O-O c5 10. dxc5 Bxc5+ 11. Kh1 Qc7 12. Qe2 O-O-O 13. Nd4 g6 14. Be3 Kb8
15. a4 Rc8 16. Rfb1 Ka8 17. Bb5 Be7 18. Nb3 Nc4 19. Bg1 Rhd8 20. Qf2 Qb8 21.
Nd4 Bc5 22. Bxd7 Rxd7 23. Rb5 Rdc7 24. Qh4 h5 25. Rxc5 Rxc5 26. Nb5 Rxb5 27.
axb5 b6 28. Qe7 Qb7 29. Qb4 Qc7 30. Bd4 Kb8 31. Kg1 Qd8 32. Rf1 Nd2 33. Ra1 Ne4
34. Qa3 Qc7 35. g3 Nd2 36. Kg2 Nc4 37. Qb4 g5 38. fxg5 Nxe5 39. Re1 Nc4 40. g6
fxg6 41. Rxe6 Qf7 42. Qe7 Qxe7 43. Rxe7 Na3 44. Rg7 Nxb5 45. Be5+ Ka8 46. Rxg6
Nxc3 47. Rh6 Kb7 48. Rxh5 a5 49. Rh8 Rc4 50. Rh4 Ne4 51. Rh7+ Kc8 52. h4 Rxc2+
53. Kf3 Nd2+ 54. Kf4 Nc4 55. Bf6 Rf2+ 56. Kg5 Rg2 57. Kf4 Rf2+ 58. Kg5 Nd6 59.
Bd4 Rg2 60. Kf4 b5 61. h5 Re2 62. Bc5 Nb7 63. Be3 b4 64. Kf3 Rh2 65. h6 b3 66.
Bd4 Nd6 67. Rh8+ Kd7 68. h7 Ke6 69. g4 a4 70. Bb2 d4 71. Bxd4 a3 72. Rb8 Kd5
73. Bg7 Rxh7 74. Rxb3 Nc4 75. Rd3+ Ke6 76. Bd4 a2 77. Rd1 Rh3+ 78. Kf4 Nd6 79.
Ba1 Rb3 80. Rd2 Rb4+ 81. Kf3 Ra4 82. Re2+ Kf7 83. Ke3 1/2-1/2

[Event "30. Torneo San Viator 2018"]
[Site "Madrid ESP"]
[Date "2018.05.20"]
[Round "6.5"]
[White "Robles Diaz, Jose Alberto"]
[Black "Julian Serra, Rogelio"]
[Result "1-0"]
[WhiteElo "2086"]
[BlackElo "2002"]
[PlyCount "27"]
[EventDate "2018.04.08"]
[EventType "swiss"]
[EventRounds "9"]
[EventCountry "ESP"]
[SourceTitle "Ajedrez en Madrid"]
[Source "lmi"]
[SourceDate "2018.04.08"]

1. Nf3 Nc6 2. d4 d5 3. Bf4 Bf5 4. e3 g6 5. a3 Bg7 6. c4 Nf6 7. Nc3 O-O 8. Rc1
Na5 9. cxd5 Nxd5 10. Nxd5 Qxd5 11. Rc5 Qxc5 12. dxc5 Rfd8 13. Qa4 b6 14. Ba6
1-0

[Event "30. Torneo San Viator 2018"]
[Site "Madrid ESP"]
[Date "2018.05.20"]
[Round "6.7"]
[White "Perez Calahorra, Ricardo"]
[Black "Ramos Del Campo, Alexander"]
[Result "1/2-1/2"]
[WhiteElo "2064"]
[BlackElo "2176"]
[PlyCount "159"]
[EventDate "2018.04.08"]
[EventType "swiss"]
[EventRounds "9"]
[EventCountry "ESP"]
[SourceTitle "Ajedrez en Madrid"]
[Source "lmi"]
[SourceDate "2018.04.08"]

1. e4 e6 2. d4 d5 3. exd5 exd5 4. c4 Bb4+ 5. Nc3 Nf6 6. Nf3 O-O 7. Bd3 dxc4 8.
Bxc4 Nc6 9. O-O Bg4 10. Be3 Qd7 11. a3 Bd6 12. Bd3 Rad8 13. Ne4 Nxe4 14. Bxe4
Rfe8 15. Qc2 f5 16. Bxc6 bxc6 17. Ng5 Re7 18. f3 Bh5 19. Bf2 h6 20. Nh3 Bf7 21.
Rfe1 Rde8 22. Rxe7 Rxe7 23. Qd2 g5 24. Kh1 Qe8 25. Ng1 Bd5 26. Re1 Qh5 27. h3
Rg7 28. Qe2 Kh7 29. Qe8 Qxe8 30. Rxe8 g4 31. Bh4 gxf3 32. Nxf3 c5 33. Bf6 Bxf3
34. gxf3 Rg3 35. Be5 Rxf3 36. Bxd6 cxd6 37. dxc5 dxc5 38. Kg2 Rb3 39. Re2 Kg6
40. Rc2 Kg5 41. a4 Kf4 42. Rc4+ Ke3 43. Rxc5 Rxb2+ 44. Kg1 f4 45. Rc3+ Ke2 46.
Kg2 Rb7 47. Rc2+ Ke3 48. Rc3+ Kd4 49. Rc6 Rb6 50. Rc7 Ra6 51. Rf7 Ke4 52. Re7+
Kf5 53. Rf7+ Kg5 54. Rg7+ Kf6 55. Rc7 Rxa4 56. Kf3 a5 57. h4 Rd4 58. Rc6+ Ke5
59. Rxh6 Rd3+ 60. Kf2 a4 61. Ra6 a3 62. Ra5+ Ke4 63. Ra4+ Kf5 64. h5 Rh3 65. h6
Kg4 66. h7 a2 67. Rxa2 Rxh7 68. Ra4 Rh2+ 69. Kg1 Rb2 70. Ra3 Re2 71. Kf1 Rh2
72. Kg1 Rh5 73. Kf2 Re5 74. Ra8 Kf5 75. Ra7 Re4 76. Ra8 Rd4 77. Rf8+ Ke4 78.
Re8+ Kd5 79. Kf3 Rd3+ 80. Kxf4 1/2-1/2

[Event "30. Torneo San Viator 2018"]
[Site "Madrid ESP"]
[Date "2018.05.20"]
[Round "6.8"]
[White "Campos Tores, Jose Luis"]
[Black "Pajuelo Morales, Raul"]
[Result "1/2-1/2"]
[WhiteElo "1894"]
[BlackElo "2005"]
[PlyCount "78"]
[EventDate "2018.04.08"]
[EventType "swiss"]
[EventRounds "9"]
[EventCountry "ESP"]
[SourceTitle "Ajedrez en Madrid"]
[Source "lmi"]
[SourceDate "2018.04.08"]

1. d4 Nf6 2. c4 g6 3. Nc3 Bg7 4. e4 d6 5. Nf3 O-O 6. Be2 e5 7. O-O Nbd7 8. d5
a5 9. Be3 Ng4 10. Bg5 f6 11. Bc1 f5 12. Ne1 Ngf6 13. f3 f4 14. Nd3 b6 15. b4
axb4 16. Nxb4 Nc5 17. Nc6 Qe8 18. Nb5 Rf7 19. Bd2 Bb7 20. Nb4 g5 21. Nd3 Nxd3
22. Bxd3 Bf8 23. Bb4 Rg7 24. a4 Qh5 25. h3 Bc8 26. Be2 Bxh3 27. gxh3 Qxh3 28.
Rf2 g4 29. fxg4 Nxg4 30. Bxg4 h5 31. Rg2 hxg4 32. Ra3 f3 33. Rh2 Qg3+ 34. Kh1
Rh7 35. Raa2 Rxa4 36. Qxa4 f2 37. Raxf2 Qxf2 38. Rxh7 Qf1+ 39. Kh2 Qf2+ 1/2-1/2